BIBLIOTECA PODER JUDICIAL
Portal Judicial TDF

Algunas consideraciones referidas a alimentos para hijos jóvenes/adultos cuando el alimentante es vulnerable / (Registro nro. 5649)

000 -LEADER
fixed length control field 01349nab a22002657a 4500
003 - CONTROL NUMBER IDENTIFIER
control field OSt
005 - DATE AND TIME OF LATEST TRANSACTION
control field 20251226213226.0
008 - FIXED-LENGTH DATA ELEMENTS--GENERAL INFORMATION
fixed length control field 190603e xxum|||| |||| 00| 0 spa d
040 ## - CATALOGING SOURCE
Transcribing agency PJ
100 ## - MAIN ENTRY--PERSONAL NAME
9 (RLIN) 6231
Personal name Vitantonio, Marina
245 10 - TITLE STATEMENT
Title Algunas consideraciones referidas a alimentos para hijos jóvenes/adultos cuando el alimentante es vulnerable /
Statement of responsibility, etc Marina Vitantonio.
260 ## - PUBLICATION, DISTRIBUTION, ETC. (IMPRINT)
Date of publication, distribution, etc Ciudad Autónoma de Buenos Aires :
Place of publication, distribution, etc Thomson Reuters La Ley,
Name of publisher, distributor, etc 2025.
300 ## - PHYSICAL DESCRIPTION
Extent p. 174-178
500 ## - GENERAL NOTE
General note Cita: TR LALEY AR/DOC/1060/2025 <br/>Publicado en: RCCyC 2025 (junio).
505 ## - FORMATTED CONTENTS NOTE
Formatted contents note Sumario: I. El fallo.— II. Ley aplicable al momento de fallar.— III. Alimentos a hijos entre 21 y 25 años.— IV. Alimentante vulnerable.— V. Conclusión.
505 ## - FORMATTED CONTENTS NOTE
Formatted contents note Fallo comentado: STJ Corrientes ~ 12/03/2025 ~ B. R. A. c. R. A. M. s/ filiación s/ incidente de reducción de cuota alimentaria.
505 ## - FORMATTED CONTENTS NOTE
Title ¿Te interesa el texto completo? Solicitalo al correo: koha@justierradelfuego.gov.ar
650 #0 - SUBJECT ADDED ENTRY--TOPICAL TERM
9 (RLIN) 1497
Topical term or geographic name as entry element CODIGO CIVIL Y COMERCIAL
650 #0 - SUBJECT ADDED ENTRY--TOPICAL TERM
9 (RLIN) 967
Topical term or geographic name as entry element DERECHO DE FAMILIA
650 #0 - SUBJECT ADDED ENTRY--TOPICAL TERM
9 (RLIN) 968
Topical term or geographic name as entry element ALIMENTOS
650 #0 - SUBJECT ADDED ENTRY--TOPICAL TERM
9 (RLIN) 4695
Topical term or geographic name as entry element SITUACIÓN DE VULNERABILIDAD
650 #0 - SUBJECT ADDED ENTRY--TOPICAL TERM
Topical term or geographic name as entry element ANCIANO
773 0# - HOST ITEM ENTRY
Host Biblionumber 2713
Host Itemnumber 3170
Place, publisher, and date of publication Ciudad Autónoma de Buenos Aires : Thomson Reuters La Ley, 2015-
Title Revista Código Civil y Comercial. Nº 3 - Junio 2025
942 ## - ADDED ENTRY ELEMENTS (KOHA)
Source of classification or shelving scheme
Koha item type Analítica Artículo de Revista

No hay ítems disponibles.

12 de Octubre 789 Ushuaia - Tel:  54(02901)441571
Horario de Atención: 8.00 a 17.00 hs. 
bibliotecaush@justierradelfuego.gov.ar
koha@justierradelfuego.gov.ar
Seguinos en nuestras redes @bibliojustdf 

Con tecnología Koha